Sports Quiz

Random Sports or Baseball Quiz

MLB Kansas City Royals Yearly Home Run Leaders Quiz Stats

 Plays Quiz not verified by Sporcle

Score 0/44 Timer 06:00
0 Plays Today
Year (HR Total) % Correct
1983 (25 HR)George Brett
95.7%
1980 (24 HR)George Brett
95.7%
1979 (23 HR)George Brett
95.7%
2012 (29 HR)Billy Butler
87.5%
2005 (21 HR)Mike Sweeney
86.1%
2004 (22 HR)Mike Sweeney
86.1%
2001 (29 HR)Mike Sweeney
86.1%
2003 (26 HR)Carlos Beltran
83.2%
2002 (29 HR)Carlos Beltran
83.2%
1986 (29 HR)Steve Balboni
79.3%
1985 (36 HR)Steve Balboni
79.3%
1984 (28 HR)Steve Balboni
79.2%
2011 (23 HR)Alex Gordon
78.7%
1973 (26 HR)TieAmos Otis & John Mayberry
75.6%
2000 (33 HR)Jermaine Dye
73.5%
1999 (27 HR)Jermaine Dye
73.5%
1977 (23 HR)TieJohn Mayberry & Al Cowens
72.9%
1975 (34 HR)John Mayberry
72.5%
1974 (22 HR)John Mayberry
72.5%
1972 (25 HR)John Mayberry
72.5%
1990 (28 HR)Bo Jackson
71.6%
1989 (32 HR)Bo Jackson
71.6%
Year (HR Total) % Correct
1978 (22 HR)Amos Otis
70.3%
1976 (18 HR)Amos Otis
70.3%
1971 (15 HR)Amos Otis
70.2%
1982 (27 HR)Hal McRae
67.6%
1991 (31 HR)Danny Tartabull
65.3%
1988 (26 HR)Danny Tartabull
65.3%
1987 (34 HR)Danny Tartabull
65.3%
1995 (35 HR)Gary Gaetti
50%
2010 (16 HR)TieJose Guillen & Yuniesky Betancourt
47.6%
2008 (20 HR)Jose Guillen
46.8%
1998 (34 HR)Dean Palmer
44.9%
1997 (30 HR)Chili Davis
39.1%
1994 (24 HR)Bob Hamelin
37.8%
1993 (20 HR)Mike Macfarlane
35%
1992 (17 HR)Mike Macfarlane
35%
2007 (18 HR)John Buck
32.9%
2006 (18 HR)Mark Teahen
32.9%
1981 (17 HR)Willie Aikens
31.6%
2009 (23 HR)Miguel Olivo
23.9%
1970 (27 HR)Bob Oliver
16.3%
1969 (14 HR)Ed Kirkpatrick
12.4%
1996 (22 HR)Craig Paquette
11%

You're not logged in!

Compare scores with friends on all Sporcle quizzes.
OR
Log In

You Might Also Like...

Show Comments

Extras

Top Quizzes Today


Score Distribution

Your Account Isn't Verified!

In order to create a playlist on Sporcle, you need to verify the email address you used during registration. Go to your Sporcle Settings to finish the process.

Report this User

Report this user for behavior that violates our Community Guidelines.

Details: